Statistics for Biggest U.S. Cities by Letter - H

Click here to take the quiz!

General Stats

  • This quiz has been taken 5,572 times
    (4,235 since last reset)
  • The average score is 6 of 12

Answer Stats

PopulationStateHintCity% Correct
2,325,502TexasNASA Mission ControlHouston
100%
347,397HawaiiWaikikiHonolulu
99%
122,587Connecticut"Insurance Capital of the World"Hartford
81%
310,390NevadaLas Vegas suburbHenderson
62%
197,318AlabamaNASA Research CenterHuntsville
60%
200,641CaliforniaOrange County{Huntington} Beach
58%
238,942FloridaMiami suburb that is 94.7% HispanicHialeah
47%
154,823FloridaMiami suburb (not to be confused with
an L.A. neighborhood)
Hollywood
43%
134,313VirginiaConnected via tunnel to NorfolkHampton
35%
112,316North CarolinaFurniture, textile, and bus manufacturingHigh Point
22%
108,389OregonPortland suburbHillsboro
21%
159,620California1868 EarthquakeHayward
17%

Score Distribution

Percentile by Number Answered

Percent of People with Each Score

Your Score History

You have not taken this quiz since the last reset